El uso inconsistente del condón en mujeres mexicanas que viven con VIH: un reto para los servicios de salud /
Gardado en:
| Autor Principal: | |
|---|---|
| Outros autores: | , , |
| Formato: | Libro |
| Idioma: | Spanish |
| Etiquetas: |
Engadir etiqueta
Sen Etiquetas, Sexa o primeiro en etiquetar este rexistro!
|
MARC
| LEADER | 00000nam a22000007a 4500 | ||
|---|---|---|---|
| 003 | cru CIDCACS/IIS | ||
| 005 | 20200925161350.0 | ||
| 007 | ta | ||
| 008 | 170510t2015 mx ||||| |||| 00| 0 spa d | ||
| 040 | |c CRAI/IIS |a CRAI/IIS | ||
| 100 | 1 | |9 4589 |a Kendall, Tamil | |
| 245 | 1 | 3 | |a El uso inconsistente del condón en mujeres mexicanas que viven con VIH: |b un reto para los servicios de salud / |c Tamil Kendall, Anabel Castillo, Cristina Herrera, Lourdes Campero |
| 300 | |a páginas s183-s189: |b tabla | ||
| 700 | 1 | |9 4590 |a Castillo, Anabel | |
| 700 | 1 | |9 4591 |a Herrera, Cristina | |
| 700 | 1 | |9 4572 |a Campero, Lourdes | |
| 773 | 0 | |0 19284 |9 744 |a Instituto Nacional de Salud Pública (México) |d México: Instituto Nacional de Salud Pública |o R17882 |t Salud Pública de México / |x 00363634 | |
| 942 | |2 ddc |c PP | ||
| 999 | |c 19289 |d 19289 | ||
